000
00208 a2200097 4500
001
37830
100
_a
Rao S S
245
_a
Mechanical Vibration
260
_a
USA
_b
Addison Wesley
_c
090
_c
24022
_d
24022
942
_a
NUST-CAE
_c
M
_c
15584
999
_c
272903
_d
272903